| 000 | 00796nam a22002295a 4500 | ||
|---|---|---|---|
| 003 | OSt | ||
| 005 | 20170117114929.0 | ||
| 008 | 170116s2013 ua frb 000 0 ara d | ||
| 015 | _22009 / 14314 | ||
| 020 | _a9789770461439 | ||
| 040 |
_aEG-ScBUE _bara _cEG-ScBUE _dEG-ScBUE |
||
| 082 | 0 | 4 |
_a341 _bم ت و _222 |
| 100 | 1 | _aمتولي، رجب عبد المنعم. | |
| 245 | 1 | 2 |
_aالقانون الدولي العام / _cتأليف رجب عبد المنعم متولي. |
| 260 |
_a[القاهرة : _bرجب عبد المنعم متولي]، _c2013. |
||
| 300 |
_a585 ص. ؛ _c24 سم. |
||
| 504 | _aيشتمل على إرجاعات ببليوجرافية. | ||
| 650 | 0 |
_a القانون الدولي العام. _2BUEsh |
|
| 651 | _2BUEsh | ||
| 653 |
_bLLAAWW _cJanuary2017 |
||
| 942 | _2ddc | ||
| 999 |
_c23955 _d23927 |
||